00387nam a2200157Ia 4500008004100000020001500041041001200056082001600068100001500084245005100099250000800150260003200158300000800190650001600198700001500214221030s9999 xx 000 0 und d a9812403523 aEnglish a105.23bBig aJ. Bignell 0aDigital Electronicscby J. Bignell, R. Donovan a4th bDelmar PubaNew Delhic2001 a731 aBE Computer aR. Donovan